000 00231nmm a2200085Ia 4500
008 220120s9999||||xx |||||||||||||||||und||
100 _aLFY
_910674
245 0 _aLinux's most wanted softwares latest FC-4 updates, games
260 _c2005
999 _c138641
_d138641